Acercamiento formal de la imagen arquitectónica de un acuario para la ciudad de Granada

Presenta arquitectónica de un acuario en la ciudad de Granada, Nicaragua. Se expone el desarrollo de la propuesta que contiene el estudio de modelos análogos de referencias Tipológicas y formal, el análisis del sitio, la determinación del programa de necesidades a partir de los criterio técnic...

Full description

Bibliographic Details
Main Author: Gutiérrez Ramírez, Alicia Leonor
Other Authors: Tutor: Ortiz Oviedo, Ana Francis
Format: Tesis Section = Libro
Language:Undetermined
Spanish
Published: Managua UNI 2010
Subjects:
LEADER 01322nam a2200229Ia 4500
008 240830s9999 xx 000 0 und d
040 |a BIBLIOTECA-RUSB/ T.Mon 727.65 G984 
041 |a spa 
082 |a T.Mon 727.65 G984 
100 1 |a Gutiérrez Ramírez, Alicia Leonor 
245 1 0 |a Acercamiento formal de la imagen arquitectónica de un acuario para la ciudad de Granada 
260 |a Managua  |b UNI  |c 2010 
300 |a 83 p. :il. 
502 |a Tesis (Arquitecto) - UNI, 2010. 
520 3 |a Presenta arquitectónica de un acuario en la ciudad de Granada, Nicaragua. Se expone el desarrollo de la propuesta que contiene el estudio de modelos análogos de referencias Tipológicas y formal, el análisis del sitio, la determinación del programa de necesidades a partir de los criterio técnicos generales para definir la imagen del acuario y finalmente se concluye con la elaboración de la propuesta de las instalaciones acuáticas referidas de acuerdo a normas específicas establecidas para este tipo de instalaciones. 
650 7 |a MUSEO DE HISTORIA NATURAL - GRANADA ACUARIO - GRANADA 
650 7 |b  HISTORIA NATURAL - CONSERVACIÓN DE ESPECIMENES 
650 7 |c  ACUARIO - ARQUITECTURA - DISEÑO Y PLANOS 
700 1 |a Tutor:  |b Ortiz Oviedo, Ana Francis 
942 |c BK  |2 ddc 
991 |a TESIS 
999 |c 22085